000 00565nam a22001937a 4500
999 _c330811
_d330811
003 NUST
005 20170809102048.0
008 120828t xxu||||| |||| 00| 0 eng d
020 _a978-9609789783
020 _a9609789781
040 _cNUST
082 _a954.9143
_bLAL
100 _aKanhaiya Lal
_9666
245 _aTareekh-e-Lahore
_cby Kanhaiya Lal
260 _aLahore
_bSang-e mil publications,
_c2001
300 _a470p
546 _aUrdu
563 _aHbc
650 _aTareekh-e-Lahore
_9667
880 _6100-01\(3\r
_aکنہیا لال
880 _6245-02\(3\r
_aتاریخ لاہور
_cکنہیا لال
880 _6260-03\(3\r
_aلاہور:
_bسنگ میل پبلی کیشنز،
_c2011
942 _2ddc
_cBK